Statistiques concernant Trouver l'acteur

Cliquez ici pour prendre le quiz!

Statistiques générales

  • Ce quiz a été pris 145 fois
  • Le résultat moyen est 12 sur 16

Statistiques - réponses

Réponse% Correct
Leonardo DiCaprio
99%
Brad Pitt
97%
Jean Dujardin
92%
Tom cruise
91%
Johnny Depp
89%
Ryan Gosling
87%
Tom Hanks
82%
Dwayne Johnson
79%
Andrew Garfield
69%
Bradley Cooper
69%
Michael B. Jordan
66%
Al Pacino
63%
Clint Eastwood
58%
Mark Wahlberg
47%
Matthew McConaughey
40%
Edward Norton
37%

Distribution des résultats

Percentile par nombre de réponses

% des personnes avec chaque résultat

Votre développement - résultats

Vous n’avez pas pris ce quiz